| 000 | 00948nam a2200217 a 4500 | ||
|---|---|---|---|
| 008 | 120416s1992 ||||||||||||||||| || u | ||
| 020 | _a0582023998 | ||
| 050 | _aHD 1387 Dav | ||
| 100 | _aDavidson, Donald A | ||
| 245 | 1 | 4 | _aThe evaluation of land resources |
| 250 | _a2nd ed. | ||
| 260 |
_aNew York _bLongman Scientific & Technical Wiley _c1992 |
||
| 300 | _aviii, 198p. : ill. | ||
| 350 | _a0.00 | ||
| 500 | _aRev. ed. of: Soils and land use planning. 1980. -Includes bibliographical references (p. [171]-191) and index. | ||
| 650 | _aLAND | ||
| 650 | _aNATURAL RESOURCES--VALUATION | ||
| 650 | _aLAND USE--PLANNING | ||
| 995 |
_aANNEX COLLECTION (Main Library) _D0.00 _e727036 _FCBU-MAIN LIBRARY (Kitwe) _H1 _I18.99 _jHD 1387 Dav _M1 _UAVAILABLE _y018385 _ZAnnex Low-Usage Collection |
||
| 995 |
_aANNEX COLLECTION (Main Library) _D0.00 _e727035 _FCBU-MAIN LIBRARY (Kitwe) _H2 _I18.99 _jHD 1387 Dav _M2 _UAVAILABLE _y018386 _ZAnnex Low-Usage Collection |
||
| 999 |
_c62895 _d62895 |
||